Statistics for Academy Award for Best Picture with Terrible Clues (2000's edition)

Click here to take the quiz!

General Stats

  • This quiz has been taken 46 times
  • The average score is 7 of 10

Answer Stats

HintAnswer% Correct
2001The Negative Side Of MathA Beautiful Mind
95%
2002Deadly Music in IllinoisChicago
81%
2004Morgan Freeman Watches Curmudgeons BoxMillion Dollar Baby
79%
2006Mobsters with Bad Boston AccentsThe Departed
79%
2007Deadly Coin Tosses in TexasNo Country for Old Men
72%
2005Not BrokebackCrash
63%
2008Who Wants to Be Beaten and Detained?Slumdog Millionaire
60%
2003'God, it's so long. What happened to you at the end?'Lord of the Rings
58%
2000Entertained Shadows And DustGladiator
56%
2009Mission AccomplishedThe Hurt Locker
53%

Score Distribution

Percentile by Number Answered

Percent of People with Each Score

Your Score History

You have not taken this quiz